LEADER 01653nam a2200349 i 4500 001 991001854019707536 008 121015s2011 riua b 100 0 eng d 020 $a9780821849606 035 $ab14081295-39ule_inst 040 $aDip.to Matematica e Fisica$beng 082 00$a514.22$222 084 $aAMS 57M 084 $aAMS 32Q 084 $aAMS 20G 084 $aLC QA612.14.W67 111 2 $aWorkshop on Interactions between Hyperbolic Geometry, Quantum Topology and Number Theory$d<2009 :$cColumbia University>$0477621 245 10$aInteractions between hyperbolic geometry, quantum topology, and number theory :$bworkshop, June 3-13, 2009, conference, June 15-19, 2009, Columbia University, New ork, NY /$cAbhijit Champanerkar ... [et al.], editors 260 $aProvidence, R. I. :$bAmerican Mathematical Society,$cc2011 300 $axiii, 257 p. :$bill. ;$c26 cm 440 0$aContemporary mathematics,$x0271-4132 ;$v541 504 $aIncludes bibliographical references 650 0$aLow-dimensional topology$vCongresses 650 0$aManifolds (Mathematics)$vCongresses 650 0$aQuantum field theory$vCongresses 650 0$aNumber theory$vCongresses 700 1 $aChampanerkar, Abhijit$eauthor$4http://id.loc.gov/vocabulary/relators/aut$0732205 907 $a.b14081295$b13-11-12$c15-10-12 912 $a991001854019707536 945 $aLE013 57M CHA11 (2011)$g1$i2013000217086$lle013$op$pE88.00$q-$rl$s- $t0$u0$v0$w0$x0$y.i15455336$z09-11-12 996 $aInteractions between hyperbolic geometry, quantum topology, and number theory$91442572 997 $aUNISALENTO 998 $ale013$b15-10-12$cm$da $e-$feng$griu$h0$i0 LEADER 01160nam a2200313 i 4500 001 991000282059707536 008 040203s2004 ne be 001 0 eng d 020 $a0444503552 035 $ab12594313-39ule_inst 040 $aDip.to Matematica$beng 082 0 $a514.322 084 $aAMS 54-XX 084 $aAMS 54-00 084 $aLC QA611.E53 245 00$aEncyclopedia of general topology /$cedited by Klaas Pieter Hart, Jun-iti Nagata, and Jerry E. Vaughan ; associate editors, Vitaly V. Fedorchuk ... [et al.] 250 $a1st ed. 260 $aAmsterdam :$bElsevier/North-Holland,$c2004 300 $ax, 526 ;$c29 cm 504 $aIncludes bibliographical references and index 650 0$aTopology$xEncyclopedias 700 1 $aHart, Klaas Pieter 700 1 $aNagata, Jun-iti 700 1 $aVaughan, Jerry E. 907 $a.b12594313$b21-09-06$c03-02-04 912 $a991000282059707536 945 $aLE013 54-XX HAR11 (2004)$g1$i2013000144184$lle013$op$pE150.80$q-$rl$s- $t0$u1$v20$w1$x0$y.i13112570$z20-02-04 996 $aEncyclopedia of general topology$9277868 997 $aUNISALENTO 998 $ale013$b03-02-04$cm$da $e-$feng$gne $h0$i1